000 00325nam a22001337a 4500
008 170530b xxu||||| |||| 00| 0 eng d
020 _a9780140433937
041 _aeng
080 _a94
100 _a17
101 _aSHH
245 _aTHE HISTORY OF THE DECLINE AND FALL OF THE ROMAN EMPIRE
_cWOMERSLEY,D
942 _2udc
_cBK
999 _c15009
_d15009